000 00737nam a2200181 4500
003 LK-CoMWRAF
005 20231217165836.0
008 231217b |||||||| |||| 00| 0 eng d
020 _a9558210013
040 _aLK-CoMWRAF
_dLK-CoMWRAF
_eLK-CoMWRAF
041 _asin
082 _a320
_bAIY
100 _aඅයිවන්, වික්ටර්
245 _aනිදහස ජාතික ඒකාග්‍රතාව හා දේශපාලනයේ පවුල් පොරය
246 _anidahasa jatika ha desapalanaye pavul poraya
260 _aරත්මලාන :
_bනන්දන මාරසිංහ අනුස්මරණ (ග්‍රන්ථ ප්‍රකාශන) පදනම,
_c1999
942 _cBK
999 _c4496
_d4496